00221nam a2200085Ia 4500001000800000005001700008008004100025245004700066260002200113125008020251031150849.0251031s9999 xx 000 0 und d 0cKATHY WOLLARDaX-7 PEKİ NASIL 3. KİTAP bDİNOZOR ÇOCUK